Russian History - Statistics

General Stats
  • This quiz has been taken 234 times
  • The average score is 9 of 15
Answer Stats
Question Answer % Correct
Tsar of Russia during WW1, prior to the Revolution(s) Nicholas II
95%
Who was the first president of the Russian Federation? Boris Yeltsin
83%
What year did the Russian Federation come to be? 1991
80%
The control of what region was fought over in the Russo-Japanese war? Manchuria
78%
Russian ally being invaded that caused their mobilization in World War I : Serbia
75%
First Tsar of Russia Ivan the Terrible
74%
Treaty to end WWI on the Eastern front, signed in 1918 : Treaty of Brest-Litovsk
66%
First major Eastern Slavic state : Kievan Rus
62%
Tsar during Napoleon's era? Alexander I
54%
What year did serfdom end in Russia? 1861
49%
How many different countries did the Soviet Union split into, including Russia? 15
38%
What years were the Russian civil war fought through? 1918 - 1921
37%
What years were the Great Northern War fought through? 1700 - 1721
35%
Who became the leader of the Soviet Union after Stalin Passed? Georgy Malenkov
18%
When was the first Tsar crowned? 1489
15%
No matching quizzes found
Score Distribution
Percent of People with Each Score
Percentile by Number Answered
Your Score History
You have not taken this quiz